Pokémon - Les attaques de Florizarre - Statistiques

Statistiques générales
  • Ce quiz a été pris 35 fois
  • Le résultat moyen est 12 sur 17
Statistiques - réponses
Niveaux Types Noms des attaques % Correct
Départ Normal Charge
96%
Départ Plante Fouet Lianes
92%
Niveau 15 Plante Poudre Dodo
92%
Niveau 15 Poison Poudre Toxik
92%
Niveau 58 Plante Lance-Soleil
88%
Niveau 9 Plante Vampigraine
88%
Niveau 12 Plante Tranch'Herbe
84%
Niveau 25 Normal Bélier
80%
Niveau 51 Normal Damoclès
80%
Départ Normal Rugissement
80%
Départ Normal Croissance
64%
Niveau 37 Plante Synthèse
56%
Départ Évolution Plante Tempête Florale
48%
Niveau 20 Plante Canon Graine
40%
Départ Plante Danse Fleurs
40%
Niveau 44 Plante Soucigraine
36%
Niveau 30 Normal Doux Parfum
16%
Aucun quiz correspondant
Distribution des résultats
% des personnes avec chaque résultat
Percentile par nombre de réponses
Votre historique - résultats
Vous n’avez pas pris ce quiz